[Event "London Classic U1600 op 10th"]
[Site "London"]
[Date "2018.12.16"]
[Round "5"]
[White "Richards, Geoffrey"]
[Black "Volovich, Andrew"]
[Result "0-1"]
[WhiteElo "1392"]
[BlackElo "962"]
[PlyCount "104"]
[EventDate "2018.12.14"]
[EventType "swiss"]
[EventRounds "5"]
[EventCountry "ENG"]
[SourceTitle "CBM 187 Extra"]
[Source "ChessBase"]
[SourceDate "2018.11.04"]
[SourceVersion "1"]
[SourceVersionDate "2018.11.04"]
[SourceQuality "1"]

1. d4 e6 2. Nf3 d5 3. Bf4 c5 4. c3 Nc6 5. e3 Qb6 6. Qc2 Nf6 7. h3 Be7 8. Nbd2 0-0 9. Bd3 Bd7 10. 0-0 Rac8 11. Qb1 Nb8 12. Re1 Bc6 13. e4 dxe4 14. Nxe4 Nxe4 15. Bxe4 Bxe4 16. Rxe4 Nc6 17. dxc5 Bxc5 18. Be3 Bxe3 19. Rxe3 Rc7 20. b3 Rd7 21. c4 Rfd8 22. Re1 Kf8 23. Qxh7 g6 24. Qh8+ Ke7 25. Qg7 Nd4 26. Nxd4 Rxd4 27. Qe5 Rd2 28. Re2 f6 29. Qe3 Qxe3 30. Rxe3 Rd1+ 31. Re1 Rxe1+ 32. Rxe1 Rd2 33. Ra1 Kd6 34. Kf1 Kc5 35. Ke1 Rb2 36. Rd1 Rxa2 37. Rd7 Ra1+ 38. Ke2 b6 39. Re7 Kd6 40. Rf7 Ke5 41. Ke3 Ra3 42. f4+ Kd6 43. Rxf6 Rxb3+ 44. Kd4 a5 45. Rxg6 a4 46. f5 a3 47. Rxe6+ Kd7 48. Kd5 a2 49. f6 a1Q 50. Re7+ Kd8 51. Re6 Qd1+ 52. Kc6 Qd7# 0-1

[Event "BCF-ch U10"]
[Site "Hull"]
[Date "2018.08.04"]
[Round "7"]
[White "Williams, Alfie"]
[Black "Volovich, Andrew"]
[Result "0-1"]
[WhiteElo "1330"]
[BlackElo "925"]
[PlyCount "86"]
[EventDate "2018.07.29"]
[EventType "swiss"]
[EventRounds "7"]
[EventCountry "ENG"]
[SourceTitle "EXT 2021"]
[Source "ChessBase"]
[SourceDate "2020.10.23"]
[SourceVersion "1"]
[SourceVersionDate "2020.10.23"]
[SourceQuality "1"]

1. e4 e6 2. d4 d5 3. e5 c5 4. c3 Nc6 5. Nf3 Qb6 6. Be2 Nh6 7. 0-0 Nf5 8. Be3 Qxb2 9. Nbd2 Qxc3 10. Qb3 cxd4 11. Qxc3 dxc3 12. Nb3 Nxe3 13. fxe3 Ba3 14. Bd3 Bb2 15. Rab1 0-0 16. Ng5 g6 17. g4 Nb4 18. Be2 c2 19. Rxb2 h6 20. Nf3 b6 21. a3 Ba6 22. Bxa6 Nxa6 23. Rxc2 f6 24. exf6 Rxf6 25. h4 Rf7 26. Rc6 Re8 27. Kg2 e5 28. Rxg6+ Kh7 29. Rc1 Kxg6 30. Rc6+ Rf6 31. h5+ Kf7 32. Rc3 e4 33. Nfd4 Rb8 34. a4 Nc5 35. Nxc5 bxc5 36. Rxc5 Rb2+ 37. Nc2 Rf3 38. Rc7+ Kf6 39. Kg1 Rb1+ 40. Kg2 Rbf1 41. Rc6+ Kg5 42. Rg6+ Kh4 43. Rxh6 R3f2# 0-1

[Event "BCF-ch U10"]
[Site "Hull"]
[Date "2018.08.01"]
[Round "4"]
[White "Kalaiyalahan, Aishwarya"]
[Black "Volovich, Andrew"]
[Result "0-1"]
[WhiteElo "1083"]
[BlackElo "925"]
[PlyCount "59"]
[EventDate "2018.07.29"]
[EventType "swiss"]
[EventRounds "7"]
[EventCountry "ENG"]
[SourceTitle "EXT 2021"]
[Source "ChessBase"]
[SourceDate "2020.10.23"]
[SourceVersion "1"]
[SourceVersionDate "2020.10.23"]
[SourceQuality "1"]

1. d4 d5 2. Bf4 Nf6 3. Nd2 Nc6 4. e3 g6 5. c3 Bg7 6. Bd3 Bd7 7. Ngf3 e6 8. Qe2 0-0 9. 0-0-0 Qe7 10. Ne5 Rad8 11. Rhe1 a6 12. Qf3 Rfe8 13. Qh3 Qf8 14. g4 Kh8 15. g5 Nh5 16. Ndf3 f5 17. Rg1 Nxf4 18. exf4 Nxe5 19. Nxe5 Bxe5 20. dxe5 Re7 21. c4 c6 22. cxd5 cxd5 23. Kb1 Rde8 24. Rc1 h5 25. Rc7 Bc6 26. Rxe7 Rxe7 27. Qf1 Kg7 28. Qe2 Rf7 29. Rc1 Kh7 30. h4 0-1

[Event "BCF-ch U10"]
[Site "Hull"]
[Date "2018.07.31"]
[Round "3"]
[White "Volovich, Andrew"]
[Black "Cuthbert, Larissa"]
[Result "0-1"]
[WhiteElo "925"]
[BlackElo "1142"]
[PlyCount "74"]
[EventDate "2018.07.29"]
[EventType "swiss"]
[EventRounds "7"]
[EventCountry "ENG"]
[SourceTitle "EXT 2021"]
[Source "ChessBase"]
[SourceDate "2020.10.23"]
[SourceVersion "1"]
[SourceVersionDate "2020.10.23"]
[SourceQuality "1"]

1. d4 d5 2. e3 c5 3. f4 Nf6 4. Nf3 cxd4 5. exd4 Ne4 6. Be3 Bf5 7. Bd3 e6 8. 0-0 Bd6 9. Ne5 Nc6 10. Rf3 0-0 11. Nd2 Bxe5 12. fxe5 Bg4 13. Nxe4 dxe4 14. Bxe4 f5 15. Bxc6 bxc6 16. Qf1 Bxf3 17. Qxf3 f4 18. Bxf4 Qxd4+ 19. Be3 Qxb2 20. Qd1 Qxe5 21. Bf2 Rad8 22. Qf1 Rxf2 23. Kxf2 Rf8+ 24. Kg1 Qd4+ 25. Kh1 Rxf1+ 26. Rxf1 e5 27. h3 e4 28. Rf4 Qd1+ 29. Kh2 e3 30. Re4 e2 31. Re8+ Kf7 32. Rc8 e1Q 33. Rc7+ Kg6 34. Rxc6+ Kh5 35. Rc5+ g5 36. g4+ Kh4 37. Re5 Qg3# 0-1